Joueurs du PSG depuis 2017-2018 - Statistiques

Statistiques générales
  • Ce quiz a été pris 401 fois
  • Le résultat moyen est 56 sur 88
Statistiques - réponses
Poste Nationalité Club Actuel Réponse % Correct
Gar Francais West Ham Alphonse Areola
95%
Gar Italien Paris Gianluigi Donnarumma
95%
Gar Costa Ricain Paris Keylor Navas
95%
Def Brésilien Chelsea Thiago Silva
93%
Att Francais Paris Kylian Mbappe
92%
Def Brésilien Paris Marquinhos
92%
Att Brésilien Al Hilal Neymar
92%
Def Francais Paris Presnel Kimpembe
92%
Gar Italien Retraite Gianluigi Buffon
91%
Gar Allemand Francfort Kevin Trapp
91%
Def Marocain Paris Achraf Hakimi
88%
Att Argentin Inter Miami Lionel Messi
88%
Att Uruguayen Boca Juniors Edinson Cavani
86%
Att Portugais Paris Goncalo Ramos
86%
Mil Italien Al Arabi Marco Verratti
86%
Def Espagnol FC Seville Sergio Ramos
85%
Def Belge Dortmund Thomas Meunier
83%
Att Argentin Benfica Angel Di Maria
82%
Def Slovaque Paris Milan Skriniar
82%
Mil Coréen Paris Kang In Lee
80%
Mil Uruguayen Paris Manuel Ugarte
79%
Mil Senegal Everton Idrissa Gueye
78%
Att Argentin Galatasaray Mauro Icardi
78%
Gar Espagnol Paris Sergio Rico
78%
Mil Portugais Paris Vitinha
77%
Att Neerlandais Leipzig Xavi Simons
77%
Mil Espagnol Paris Fabian Ruiz
76%
Mil Francais Juventus Adrien Rabiot
75%
Gar Francais Paris Alexandre Letellier
75%
Gar Espagnol Paris Arnau Tenas
75%
Def Francais Paris Lucas Hernandez
75%
Def Portugais Paris Nuno Mendes
75%
Att Francais Paris Ousmane Dembélé
75%
Att Francais Paris Randal Kolo Muani
75%
Att Camerounais Bayern Eric Maxim Choupo Moting
74%
Att Allemand Al Ahli Julian Draxler
72%
Def Allemand West Ham Thilo Kehrer
72%
Mil Espagnol Paris Carlos Soler
71%
Mil Argentin Rome Leandro Paredes
70%
Gar Polonais Nice Marcin Bulka
70%
Att Italien Juventus Moise Kean
69%
Mil Francais Chelsea Christopher Nkunku
67%
Mil Neerlandais Al Ettifaq Georginio Wijnaldum
67%
Mil Francais Paris Warren Zaire Emery
67%
Mil Francais Retraite Blaise Matuidi
66%
Mil Portugais Paris Danilo Pereira
65%
Def Espagnol Benfica Juan Bernat
64%
Att Espagnol Wolverhampton Pablo Sarabia
63%
Mil Italien Retraite Thiago Motta
63%
Mil Portugais Rome Renato Sanches
62%
Att Francais Rennes Arnaud Kalimuendo
61%
Att Francais Paris Bradley Barcola
61%
Mil Argentin Tottenham Giovanni Lo Celso
61%
Def Francais Paris Layvin Kurzawa
61%
Att Francais Aston Villa Moussa Diaby
61%
Def Francais Paris Nordi Mukiele
61%
Def Senegal Al Arabi Abdou Diallo
59%
Def Italien Ac Milan Alessandro Florenzi
59%
Def Brésilien Retraite Dani Alves
59%
Att Espagnol Paris Marco Asensio
59%
Mil Espagnol Athletic Bilbao Ander Herrera
58%
Def Espagnol Athletic Bilbao Yuri Berchiche
56%
Def Neerlandais Atalanta Mitchel Bakker
54%
Mil Americain Juventus Timothy Weah
53%
Att Francais Paris Hugo Ekitike
52%
Def Francais Auxerre Colin Dagba
50%
Att Brésilien FC Sao Paulo Lucas Mourra
47%
Att Portugais Benfica Goncalo Guedes
46%
Mil Polonais Abha Club Grzegorz Krychowiak
45%
Mil Argentin Libre Javier Pastore
45%
Att Espagnol Coritiba FC Jese
45%
Mil Francais Adana Demirspor Edouard Michut
44%
Mil Italien Paris Cher Ndour
43%
Mil Francais Milan AC Yacine Adli
37%
Def Francais Leipzig El Chadaille Bitshiabu
36%
Def Francais Sunderland Timothée Pembélé
36%
Mil Espagnol Stade Lausanne Ismael Gharbi
35%
Mil Brésilien Al Arabi Rafinha
34%
Mil Francais Francfort Junior Dina Ebimbe
32%
Mil Francais Libre Hatem Ben Arfa
28%
Gar Francais Nantes Rémy Descamps
27%
Def Francais Seville FC Tanguy Nianzou
27%
Att Marocain Al Sadd Ilyes Housni
26%
Mil Francais Retraite Lassana Diarra
26%
Mil Francais Sunderland Adil Aouchiche
20%
Gar Francais Rodez Sébastien Cibois
20%
Mil Marocain Libre Kays Ruiz Atil
18%
Def Francais Hoffenheim Stanley Nsoki
18%
Aucun quiz correspondant
Distribution des résultats
% des personnes avec chaque résultat
Percentile par nombre de réponses
Votre historique - résultats
Vous n’avez pas pris ce quiz